| 000 | 00339pab a2200121 454500 | ||
|---|---|---|---|
| 008 | 180718b xxu||||| |||| 00| 0 eng d | ||
| 100 | _aBurns Chris | ||
| 245 | _aCentral functions of the government executive | ||
| 362 | _a17(2), Jun 1994, p.22-25 | ||
| 650 | _aExecutive Departments -- New Zealand | ||
| 773 | _aPublic Sector | ||
| 909 | _a27295 | ||
| 999 |
_c27295 _d27295 |
||